LEADER 00916nam a22002411i 4500 001 991002855379707536 005 20040407141411.0 008 040624s1958 xxu|||||||||||||||||eng 035 $ab12988169-39ule_inst 035 $aARCHE-094584$9ExL 040 $aDip.to Beni Culturali$bita$cA.t.i. Arché s.c.r.l. Pandora Sicilia s.r.l. 082 04$a937 100 1 $aSutherland, Carol Humphrey Vivian$0205094 245 10$aAncient numismatics :$ba brief introduction /$cby C. H. V Sutherland 260 $aNew York :$bAmerican Numismatics Society,$c1958 300 $a29 p. ;$c23 cm 650 4$aNumismatica 907 $a.b12988169$b02-04-14$c12-07-04 912 $a991002855379707536 945 $aLE001 N V 30$g1$i2001000084906$lle001$nC. 1$o-$pE0.00$q-$rl$s- $t0$u0$v0$w0$x0$y.i13592804$z12-07-04 996 $aAncient numismatics$9284167 997 $aUNISALENTO 998 $ale001$b12-07-04$cm$da $e-$feng$gxxu$h0$i1 LEADER 02635nam 22006374a 450 001 9910783356003321 005 20230607215416.0 010 $a0-19-756196-9 010 $a0-19-028879-5 010 $a0-19-530351-2 010 $a0-19-803551-9 010 $a1-280-50249-5 010 $a1-60256-803-0 035 $a(CKB)1000000000029118 035 $a(StDuBDS)AH24085802 035 $a(SSID)ssj0000080180 035 $a(PQKBManifestationID)11125522 035 $a(PQKBTitleCode)TC0000080180 035 $a(PQKBWorkID)10095274 035 $a(PQKB)10611262 035 $a(MiAaPQ)EBC279543 035 $a(StDuBDS)EDZ0002340627 035 $a(Au-PeEL)EBL279543 035 $a(CaPaEBR)ebr10087309 035 $a(CaONFJC)MIL50249 035 $a(OCoLC)476022920 035 $a(EXLCZ)991000000000029118 100 $a20010523d2002 uy 0 101 0 $aeng 135 $aur||||||||||| 181 $ctxt 182 $cc 183 $acr 200 10$aKindling the spark$b[electronic resource] $erecognizing and developing musical talent /$fJoanne Haroutounian 210 $aOxford ;$aNew York $cOxford University Press$d2002 215 $a1 online resource (xvii, 366 p. ) $cill., music 225 1 $aOxford scholarship online 300 $aPreviously issued in print: 2002. 311 $a0-19-512948-2 311 $a0-19-515638-2 320 $aIncludes bibliographical references (p. 337-357) and index. 330 8 $aJoanne Haroutounian uses her experience as teacher, researcher, and parent to clarify central issues concerning talent recognition and development in a way that will easily appeal to a wide audience. The book describes the different stages of development in musical training, including guidelines for finding a suitable teacher at different levels, social and psychological aspects that impact musical training, and research on talent development by ages and stages from infancy and preschool years through the teen years. In this text the author offers a synthesis of the research and resources on musical talent - what it is, how to recognise it and how to nurture and develop it. 410 0$aOxford scholarship online. 606 $aMusic$xInstruction and study$xPsychological aspects 606 $aMusical ability 615 0$aMusic$xInstruction and study$xPsychological aspects. 615 0$aMusical ability. 676 $a781/.11 700 $aHaroutounian$b Joanne$01482034 801 0$bMiAaPQ 801 1$bMiAaPQ 801 2$bMiAaPQ 906 $aBOOK 912 $a9910783356003321 996 $aKindling the spark$93699369 997 $aUNINA